English made easy volume one (Record no. 7510)
[ view plain ]
| 000 -LEADER | |
|---|---|
| fixed length control field | 00707cam a2200229 i 4500 |
| 001 - CONTROL NUMBER | |
| control field | 026518 |
| 003 - CONTROL NUMBER IDENTIFIER | |
| control field | GZU |
| 005 - DATE AND TIME OF LATEST TRANSACTION | |
| control field | 20210511093552.0 |
| 008 - FIXED-LENGTH DATA ELEMENTS--GENERAL INFORMATION | |
| fixed length control field | 781017s1979 nyua 001 0 eng |
| 010 ## - LIBRARY OF CONGRESS CONTROL NUMBER | |
| LC control number | 78023997 |
| 020 ## - INTERNATIONAL STANDARD BOOK NUMBER | |
| International Standard Book Number | 9780804846387 |
| 040 ## - CATALOGING SOURCE | |
| Original cataloging agency | DLC |
| Transcribing agency | DLC |
| Modifying agency | DLC |
| 050 10 - LIBRARY OF CONGRESS CALL NUMBER | |
| Classification number | PE1115 |
| Item number | .B68 |
| 082 00 - DEWEY DECIMAL CLASSIFICATION NUMBER | |
| Classification number | 428/.2 |
| 245 10 - TITLE STATEMENT | |
| Title | English made easy volume one |
| Statement of responsibility, etc. | Crichton,J |
| 260 ## - PUBLICATION, DISTRIBUTION, ETC. | |
| Place of publication, distribution, etc. | North Clarendon |
| Name of publisher, distributor, etc. | Tuttle Publishing |
| Date of publication, distribution, etc. | 2015 |
| 300 ## - PHYSICAL DESCRIPTION | |
| Extent | 192 p. : |
| Other physical details | ill. |
| Dimensions | 22 x 28 cm. |
| 500 ## - GENERAL NOTE | |
| General note | Includes index. |
| 650 #0 - SUBJECT ADDED ENTRY--TOPICAL TERM | |
| Topical term or geographic name entry element | English language |
| General subdivision | Business English |
| -- | Problems, exercises, etc. |
| 650 #0 - SUBJECT ADDED ENTRY--TOPICAL TERM | |
| Topical term or geographic name entry element | English language |
| General subdivision | Grammar |
| -- | Problems, exercises, etc. |
| 942 ## - ADDED ENTRY ELEMENTS (KOHA) | |
| Source of classification or shelving scheme | Library of Congress Classification |
| Koha item type | Books |
| Classification part | 1128 |
| Item part | CRI |
| Call number prefix | PE |
| Call number suffix | PE1128 CRI 2015 |
| Withdrawn status | Lost status | Source of classification or shelving scheme | Damaged status | Not for loan | Collection code | Home library | Current library | Shelving location | Date acquired | Total Checkouts | Full call number | Barcode | Date last seen | Copy number | Price effective from | Koha item type |
|---|---|---|---|---|---|---|---|---|---|---|---|---|---|---|---|---|
| Library of Congress Classification | Non-fiction | Mashava Campus Library | Mashava Campus Library | General Stacks | 05/11/2021 | PE 1128 CRI 2015 | 026518 | 05/11/2021 | c.1 | 05/11/2021 | Books | |||||
| Library of Congress Classification | Non-fiction | Mashava Campus Library | Mashava Campus Library | General Stacks | 05/11/2021 | PE 1128 CRI 2015 | 026524 | 05/11/2021 | c.2 | 05/11/2021 | Books | |||||
| Non-fiction | Mashava Campus Library | Mashava Campus Library | General Stacks | 05/11/2021 | PE 1128 CRI 2015 | 026523 | 05/11/2021 | c.3 | 05/11/2021 | Books | ||||||
| Library of Congress Classification | Non-fiction | Mashava Campus Library | Mashava Campus Library | General Stacks | 05/11/2021 | PE 1128 CRI 2015 | 026521 | 05/11/2021 | c.4 | 05/11/2021 | Books | |||||
| Library of Congress Classification | Non-fiction | Mashava Campus Library | Mashava Campus Library | General Stacks | 05/11/2021 | PE 1128 CRI 2015 | 026519 | 05/11/2021 | c.5 | 05/11/2021 | Books | |||||
| Library of Congress Classification | Non-fiction | Mashava Campus Library | Mashava Campus Library | General Stacks | 05/11/2021 | PE 1128 CRI 2015 | 026527 | 05/11/2021 | c. 6 | 05/11/2021 | Books |